| 000 | 00995nam a22002417a 4500 | ||
|---|---|---|---|
| 005 | 20240530110525.0 | ||
| 008 | 160301s2012 ua g b 000 0 ara d | ||
| 017 |
_a2012/23115 _bمصر . دار الكتب المصرية |
||
| 020 | _a9789774312552 | ||
| 040 | _aEG-CaGPL | ||
| 082 | 0 | 4 |
_221 _a370.113\ _bأ ك |
| 100 | 0 | _aايهاب عبدالرحمن المصرى | |
| 245 | 1 | 2 |
_aالكفايات المهنية و المهارات التدريبية و التدريب / _cتاليف ايهاب عبدالرحمن المصرى ، طارق عبدالرؤف محمد |
| 250 | _aط1 | ||
| 260 |
_aالقاهرة : _bمؤسسة طيبة للنشر و التوزيع ، _c2012 . |
||
| 300 |
_a252 ص ؛ _c24 سم . |
||
| 504 | _aيشتمل على ارجاعات ببليوجرافية | ||
| 650 | 0 | 4 |
_aالمدرسون _xتدريب |
| 650 | 0 | 4 |
_aالمدرسون _xتقييم |
| 650 | 0 | 4 | _aالتدريب المهنى |
| 942 |
_2ddc _cBK |
||
| 999 |
_c61979 _d61979 |
||